000 00652nam a2200169 4500
999 _c3805
_d3805
008 160811b xxu||||| |||| 00| 0 eng d
022 _a01153153
082 _aDPer 150.5 P53 June-Dec 2013 V. 46, n. 1 & 2
100 _912663
_aDocena, Pierce S.
243 _aPhilippine journal of psychology
245 _aDeveloping & managing one's sexual identity:
_bcoming out stories of Waray gay adolescents/
_cPierce S. Docena.
260 _aQuezon City:
_bPsychological Association of the Philippines,
_c©2013.
300 _apages 75-103;
_c24 cm.
500 _aPhilippine Journal of Psychology
650 0 _912664
_aSex role
942 _2ddc
_cPER